000 00294nam a22001337a 4500
008 171127b xxu||||| |||| 00| 0 eng d
020 _a9780805366501
041 _aeng
080 _23 ED
_a54
100 _a12
101 _aKIM
245 _aORGANIC CHEMISTRY
_cMARC.G.L
942 _2udc
_cBK
999 _c38559
_d38559